Statistics for Dream smp nicknames

Click here to take the quiz!

General Stats

  • This quiz has been taken 610 times
  • The average score is 10 of 10

Answer Stats

HintAnswer% Correct
BadBadboyhalo
99%
GogyGeorge
99%
TomasTommy
99%
MamacitaDream
98%
DreDream
98%
EndermanRanboo
98%
SappySapNap
98%
Old ManPhilza
95%
MuffinHeadSkeppy
94%
PuffyCaptain Puffy
93%

Score Distribution

Percentile by Number Answered

Percent of People with Each Score

Your Score History

You have not taken this quiz